Normale Ansicht MARC-Ansicht ISBD

Kommunikation im Musikleben : (Titelsatznr. 37806)

[ MARC ]
MARC-Details
000 -Satzkennung
Kontrollfeld mit fester Länge 00822nam a22002531c 4500
001 - Kontrollnummer
Kontrollfeld 9783525300701-nbs
008 - Feld mit fester Länge zur physischen Beschreibung - Allgemeine Angaben
Kontrollfeld mit fester Länge 161019s2015 gw |||| 000u ger d
020 ## - Internationale Standardbuchnummer
Internationale Standardbuchnummer 9783525300701
Verknüpfung 978-3-525-30070-1
040 ## - Katalogisierungsquelle
Übertragungsstelle RU-10907106
003 - Kontrollnummer Identifier
Kontrollfeld RU-10907106
245 00 - Titel
Titel Kommunikation im Musikleben :
Zusatz zum Titel Harmonien und Dissonanzen im 20. Jahrhundert /
Verfasserangabe etc. Müller, Sven Oliver; Osterhammel, Jürgen ; Rempe, Martin
250 ## - Ausgabebezeichnung
Ausgabebezeichnung 1 Aufl.
264 ## - Produktion, Veröffentlichung, Distribution, Herstellung und Urheberrechtsvermerk
Herstellungs-, Veröffentlichungs- Vertriebs-, Erzeugungsort Göttingen :
Produzent, Herausgeber, Distributor, Hersteller Vandenhoeck & Ruprecht,
Datum der Herstellung, der Veröffentlichung, des Vertriebs oder des Urheberschutzvermerks 2015
300 ## - Physische Beschreibung
Umfang 312 S. ; 230 x 160 mm
650 #0 - Nebeneintragung unter einem Schlagwort - Sachschlagwort
Sachschlagwort oder geografischer Name als Eintragungselement Kommunikation
650 #0 - Nebeneintragung unter einem Schlagwort - Sachschlagwort
Sachschlagwort oder geografischer Name als Eintragungselement Kongress
650 #0 - Nebeneintragung unter einem Schlagwort - Sachschlagwort
Sachschlagwort oder geografischer Name als Eintragungselement Musikleben
650 #0 - Nebeneintragung unter einem Schlagwort - Sachschlagwort
Sachschlagwort oder geografischer Name als Eintragungselement Soziologie
651 #0 - Nebeneintragung unter einem Schlagwort - Geografischer Name
Geografischer Name Berlin <2013>
700 1# - Nebeneintragung - Personenname
Personenname Müller, Sven Oliver
Funktionsbezeichnung HerausgeberIn
700 1# - Nebeneintragung - Personenname
Personenname Osterhammel, Jürgen
Funktionsbezeichnung HerausgeberIn
700 1# - Nebeneintragung - Personenname
Personenname Rempe, Martin
Funktionsbezeichnung HerausgeberIn
942 ## - Zusätzliche Felder (Koha)
Koha-Medientyp Monographien
Exemplare
Ausgeschieden Verloren Klassifikation oder Aufstellungssystematik Beschädigt Nicht entleihbar Heimatbibliothek Aufenthaltsbibliothek Aufstellungsort Erwerbungsdatum Inventarnummer Signatur Barcode Letzte Aktivität Preis gültig von Koha-Medientyp
    Andere/Generische Klassifikation     MWN Osteuropa MWN Osteuropa Lesesaal - 1 19/10/2016 16-04930 W 60 B v Mül E0040150790EA255 23/04/2020 22/03/2021 Monographien